<?xml version="1.0" encoding="UTF-8"?>
<record
    xmlns:xsi="http://www.w3.org/2001/XMLSchema-instance"
    xsi:schemaLocation="http://www.loc.gov/MARC21/slim http://www.loc.gov/standards/marcxml/schema/MARC21slim.xsd"
    xmlns="http://www.loc.gov/MARC21/slim">

  <leader>00824nac a22001691u 4500</leader>
  <controlfield tag="008">101020s2006    xxu||||| |||| 00| 0 ara d</controlfield>
  <datafield tag="082" ind1=" " ind2=" ">
    <subfield code="a">212</subfield>
    <subfield code="b">&#x645; &#x643; &#x627;</subfield>
  </datafield>
  <datafield tag="245" ind1=" " ind2=" ">
    <subfield code="a">&#x645;&#x643;&#x627;&#x646;&#x629; &#x627;&#x644;&#x62A;&#x633;&#x627;&#x645;&#x62D; &#x641;&#x64A; &#x627;&#x644;&#x625;&#x633;&#x644;&#x627;&#x645; /</subfield>
    <subfield code="c">&#x62E;&#x627;&#x644;&#x62F; &#x623;&#x628;&#x648; &#x627;&#x644;&#x641;&#x636;&#x644; ...[&#x648; &#x622;&#x62E;]&#x61B; &#x62A;&#x631;&#x62C;&#x645;&#x629; &#x633;&#x627;&#x645;&#x631; &#x632;&#x64A;&#x62A;&#x648;&#x646;</subfield>
  </datafield>
  <datafield tag="260" ind1=" " ind2=" ">
    <subfield code="a">&#x627;&#x644;&#x642;&#x627;&#x647;&#x631;&#x629; :</subfield>
    <subfield code="b">&#x645;&#x643;&#x62A;&#x628;&#x629; &#x645;&#x62F;&#x628;&#x648;&#x644;&#x64A; &#x60C;2006</subfield>
    <subfield code="c">2006.</subfield>
  </datafield>
  <datafield tag="300" ind1=" " ind2=" ">
    <subfield code="a">144 &#x635; &#x61B;</subfield>
    <subfield code="c">18 &#x633;&#x645;.</subfield>
  </datafield>
  <datafield tag="511" ind1=" " ind2=" ">
    <subfield code="a">Catalogued by: Sara</subfield>
  </datafield>
  <datafield tag="650" ind1=" " ind2=" ">
    <subfield code="a">&#x627;&#x644;&#x62A;&#x633;&#x627;&#x645;&#x62D; &#x627;&#x644;&#x62F;&#x64A;&#x646;&#x64A; &#x627;&#x644;&#x625;&#x633;&#x644;&#x627;&#x645;&#x649;</subfield>
    <subfield code="9">20531</subfield>
  </datafield>
  <datafield tag="700" ind1=" " ind2=" ">
    <subfield code="a">&#x623;&#x628;&#x648; &#x627;&#x644;&#x641;&#x636;&#x644; &#x60C; &#x62E;&#x627;&#x644;&#x62F;</subfield>
    <subfield code="9">16658</subfield>
    <subfield code="e">&#x62A;&#x62D;&#x631;&#x64A;&#x631;</subfield>
  </datafield>
  <datafield tag="700" ind1=" " ind2=" ">
    <subfield code="a">&#x632;&#x64A;&#x62A;&#x648;&#x646; &#x60C; &#x633;&#x627;&#x645;&#x631;</subfield>
    <subfield code="9">20534</subfield>
    <subfield code="e">&#x62A;&#x631;&#x62C;&#x645;&#x629;</subfield>
  </datafield>
  <datafield tag="942" ind1=" " ind2=" ">
    <subfield code="c">BB</subfield>
    <subfield code="k">212 &#x645; &#x643; &#x627;</subfield>
    <subfield code="2">ddc</subfield>
  </datafield>
  <datafield tag="999" ind1=" " ind2=" ">
    <subfield code="c">5959</subfield>
    <subfield code="d">5959</subfield>
  </datafield>
  <datafield tag="952" ind1=" " ind2=" ">
    <subfield code="0">0</subfield>
    <subfield code="1">0</subfield>
    <subfield code="2">ddc</subfield>
    <subfield code="4">0</subfield>
    <subfield code="7">0</subfield>
    <subfield code="8">Alef-Baa</subfield>
    <subfield code="a">MAIN</subfield>
    <subfield code="b">MAIN</subfield>
    <subfield code="c">LOW</subfield>
    <subfield code="d">2011-11-07</subfield>
    <subfield code="e">purchase</subfield>
    <subfield code="o">212&#x645; &#x643; &#x627;</subfield>
    <subfield code="p">000007591</subfield>
    <subfield code="r">2025-07-15 00:00:00</subfield>
    <subfield code="s">2018-11-07</subfield>
    <subfield code="y">BB</subfield>
  </datafield>
</record>
